000 00918nmm a2200301 a 4500
001 ocm0001917213
003 TR-IsHL
005 20201028173648.0
008 180913s2017 tu tur
007 cr cn
020 _a9786059398367
035 _a1917213
_b(N$T)
050 0 4 _aD161.2
_b.L319 2017
090 0 4 _aD161.2
_b.L319 2017
100 1 _aLamb, Harold
245 1 0 _aHaçlı seferleri I: Demir adamlar ve azizler
_h[electronic resource] /
_cHarold Lamb ; çeviren, Gaye Yavuzcan
250 _a1. Basım
260 _aİstanbul :
_bParola Yayınları,
_c2017
300 _a368 p.
500 _aKaynakça var.
_x
650 4 _aTarih
650 4 _aHistory
650 0 _aHaçlı seferleri
650 0 _aCrusades.
650 7 _aHISTORY / Medieval
_2bisacsh
700 1 _aYavuzcan, Gaye
856 4 0 _uhttp://search.ebscohost.com/login.aspx?direct=true&scope=site&db=e011xww&AN=1917213
999 _c17818
_d17818